000 00765nam a2200205Ia 4500
008 151119s9999||||xx |||||||||||||| ||und||
082 _a294.592
082 _bGKKV29942
100 _a"बेलसरे, श्री के"
245 _aज्ञानेश्वरी १ (अध्याय २)
260 _aमुंबई
260 _bअमृतानुभव ज्ञान वाघिणी ट्रस्ट
260 _c2010
300 _a438
600 _a"बेलसरे, श्री के"
630 _aज्ञानेश्वरी १ (अध्याय २)
700 _a"बेलसरे, श्री के"
730 _aज्ञानेश्वरी १ (अध्याय २)
942 _cBOOK
999 _c1082286
_d1082283